Innovation in a Malaysian equipment manufacturer : a case study /
Saved in:
| 主要作者: | |
|---|---|
| 格式: | Thesis 圖書 |
| 語言: | English |
| 出版: |
1997.
|
| 主題: | |
| 標簽: |
添加標簽
沒有標簽, 成為第一個標記此記錄!
|
| LEADER | 01219cam a2200301 a 4500 | ||
|---|---|---|---|
| 001 | u416007 | ||
| 003 | SIRSI | ||
| 008 | 940809s1997 my a t 00 1 eng m | ||
| 035 | |a ACD-8725 | ||
| 040 | |a UMM |d UME | ||
| 043 | |a a-my--- | ||
| 090 | |a HC79 |b T4Cha | ||
| 091 | |a Microfiche 13622. | ||
| 099 | |a 658.406 3-595 |b Cha | ||
| 100 | 1 | 0 | |a Chai, Siew Key. |
| 245 | 1 | 0 | |a Innovation in a Malaysian equipment manufacturer : |b a case study / |c Chai Siew Key. |
| 260 | |c 1997. | ||
| 300 | |a vii, 61 leaves [append.] : |b ill. ; |c 30 cm. | ||
| 500 | |a Microfiche. Kuala Lumpur : University of Malaya Library, 1998. 1 fiche : negative ; 11 x 15 cm. | ||
| 502 | |a Dissertation (M.B.A) -- Fakulti Ekonomi dan Pentadbiran, Universiti Malaya, 1997. | ||
| 504 | |a Bibliography: p. 37-39 leaves. | ||
| 650 | 0 | |a Technological innovations |z Malaysia |x Case studies. | |
| 650 | 0 | |a Research, Industrial |z Malaysia. | |
| 710 | 2 | 0 | |a Universiti Malaya. |b Fakulti Ekonomi dan Pentadbiran. |
| 948 | |a 18/09/1997 |b 29/05/2002 | ||
| 596 | |a 1 9 | ||
| 999 | |a HC79 T4CHA |w LC |c 1 |i A507470526 |d 16/11/2010 |e 16/11/2010 |l STACKS |m P01UTAMA |n 4 |r Y |s Y |t TESIS |u 17/2/1998 | ||
| 999 | |a TESIS 658.406 3-595 CHA |w LC |c 1 |i A506299929 |l DISCARD |m P09EKONOMI |r Y |s Y |t TESIS |u 30/9/1997 | ||
